KOHA-Header-6

Peraphychology (Record no. 9319)

000 -LEADER
fixed length control field 00270nam a2200109Ia 4500
100 ## - MAIN ENTRY--AUTHOR NAME
Personal name Khawaja Shams-u-ddin Azeemi
245 #0 - TITLE STATEMENT
Title Peraphychology
260 ## - PUBLICATION, DISTRIBUTION, ETC. (IMPRINT)
Place of publication Lahore
Name of publisher Maktabahi Azeemiyah
Year of publication 2003
300 ## - PHYSICAL DESCRIPTION
Number of Pages 368
942 ## - ADDED ENTRY ELEMENTS (KOHA)
Koha item type Books
Holdings
Withdrawn status Lost status Collection code Permanent Location Current Location Shelving location Date acquired Full call number Accession Number Koha item type
    Urdu Literature MAJU MAJU   2019-09-14 891.439 4907 Urdu Literature

Powered by Koha